Experimental evaluation of information retrieval systems /
Saved in:
| 主要作者: | |
|---|---|
| 格式: | Thesis 圖書 |
| 語言: | English |
| 出版: |
2011.
|
| 主題: | |
| 標簽: |
添加標簽
沒有標簽, 成為第一個標記此記錄!
|
| LEADER | 01086cam a2200265 a 4500 | ||
|---|---|---|---|
| 001 | u854790 | ||
| 003 | SIRSI | ||
| 005 | 201204131718 | ||
| 008 | 120413s2011 at a v 000 0 eng m | ||
| 040 | |a UMM | ||
| 090 | |a Z699 |b Sri | ||
| 100 | 0 | |a Sri Devi Ravana. | |
| 245 | 1 | 0 | |a Experimental evaluation of information retrieval systems / |c Sri Devi Ravana. |
| 260 | |c 2011. | ||
| 270 | |g Sri Devi Ravana. Department of Information System, Faculty of Computer Science and Information Technology, University of Malaya. E-mail:sdevi@um.edu.my. | ||
| 300 | |a [1] xix, 227 leaves : |b ill. ; |c 30 cm. | ||
| 500 | |a Supervisor : Prof Alistair Moffat. | ||
| 502 | |a Thesis (Ph.D) -- Department of Computer Science and Software Engineering, The University of Melbourne, 2011. | ||
| 504 | |a Bibliography: leaves 205-227. | ||
| 650 | 0 | |a Information storage and retrieval systems. | |
| 650 | 0 | |a Information retrieval |x Data processing. | |
| 710 | 2 | 0 | |a University of Melbourne. |
| 900 | |a ZA | ||
| 596 | |a 1 | ||
| 999 | |a Z699 SRI |w LC |c 1 |i A514969218 |d 3/9/2014 |f 3/9/2014 |g 1 |l STACKS |m P01UTAMA |r Y |s Y |t TESIS |u 3/9/2014 | ||
